00779nam a2200181 a 450000100100000000500170001000800410002704000250006810000370009324501200013026000460025030000350029650000720033150000630040304900090046695201050047599900170058000002791920200930031212.0110405s2005 dr ac 000 0 spa d aDO-SdBNPbspacBNPHU1 aSantos, Juan de losd197095498610aRindiendo cuentas :bmemorias de los dos primeros años cumpliendo con mi deber de diputado /cJuan de los Santos. aSanto Domingo :bEditora Manatí,c2005. a55 p. :bil., retrs. ;c22 cm. aMemorias de los primeros años cumpliendo con mi deber de Diputado aIncluye datos biográficos del autor en la contracubierta aBNPD 0010718PDaPDbPDcCTd2011-04-05iLF1l0o p27919-10r2020-06-25w2020-06-25yLFPDZNo se presta c27411d27411